Clash royale buildings - Statistics

General Stats
  • This quiz has been taken 21 times
    20 since last reset
  • The average score is 13 of 17
Answer Stats
Hint Answer % Correct
Common Cannon
100%
Common Tesla
100%
Rare Goblin hut
94%
Rare Barbarian hut
88%
Rare Inferno tower
88%
Epic X-bow
88%
Evo Evo cannon
81%
Evo Evo tesla
81%
Rare Bomb tower
75%
Rare Goblin cage
75%
Common Mortar
75%
Evo Evo goblin cage
69%
Evo Evo mortar
69%
Rare Tombstone
69%
Epic Goblin drill
63%
Rare Elixir collector
56%
Evo Evo goblin drill
56%
No matching quizzes found
Score Distribution
Percent of People with Each Score
Percentile by Number Answered
Your Score History
You have not taken this quiz since the last reset